El eco de los pasos

Tallennettuna:
Bibliografiset tiedot
Päätekijä: Pinto González, Julieta 1922-
Aineistotyyppi: Tuntematon
Kieli:Spanish
Julkaistu: San José, Costa Rica Mesén ditores 1979
Sarja:Colección 1856
Aiheet:
Tagit: Lisää tagi
Ei tageja, Lisää ensimmäinen tagi!

MARC

LEADER 000000000a22000000004500
001 000207
008 140521s1979 cr |||f |||| 000 p spa d
020 |a 9977230897 
041 0 |a español 
082 |a CR863.4  |b  P659ec  
100 1 |a Pinto González, Julieta  |d 1922- 
245 1 3 |a El eco de los pasos  |c Julieta Pinto 
260 |a San José, Costa Rica  |b Mesén ditores  |c 1979 
300 |a 106 páginas 
490 0 |a Colección 1856 
500 |a número de inscripción 01026 
650 4 |a LITERATURA COSTARRICENSE  |v NOVELA 
942 |2 ddc  |c BK 
999 |c 3286  |d 3286